La Vesita /
ISBN:
9788498039405
Descripción Física:
64 pàgines ; 23 cm
Descripción:
"Comèdia d’entreteniment aristocràtic que posa en escena les picabaralles de capçal d’un matrimoni poc avingut associats al mateix autor Joan Ferrandis i la seva esposa Jerònima Beneito; els preparatius d’una visita de dames on l’amfitriona Jerònima prova d’empolainar-se mentre renya el servei...
Colección:
Repertori teatral català
Otros Autores:
Massip, Francesc
Idioma:
Catalán
MARC
| LEADER | 00000nam a2200000 i 4500 | ||
|---|---|---|---|
| 001 | 28599 | ||
| 003 | AGDB | ||
| 005 | 20260324181526.0 | ||
| 008 | 240930b spa||||| |||| 00| 0 cat d | ||
| 017 | |a B 6916-2024 | ||
| 020 | |a 9788498039405 | ||
| 040 | |a agdb |b cat | ||
| 080 | |a 849.9-2"15" | ||
| 100 | |a Ferrandis d’Herèdia i Dies de Calataiud, Joan, |d aproximadament, 1480-1549 |9 71641 | ||
| 245 | 1 | 3 | |a La Vesita / |c de Joan Ferrandis d'Herèdia ; edició a cura de Francesc Massip |
| 250 | |a Primera edició: novembre de 2018 | ||
| 264 | 1 | |a Barcelona : |b Institut del Teatre ; |c novembre de 2018 | |
| 264 | 4 | |a ©2024 | |
| 300 | |a 64 pàgines ; |c 23 cm | ||
| 336 | |a text |b txt |2 rdacontent | ||
| 337 | |a sense mediació |b n |2 rdamedia | ||
| 338 | |a volum |b nc |2 rdacarrier | ||
| 490 | |a Repertori teatral català | ||
| 500 | |a Comèdia cortesana escrita aproximadament l'any 1525. | ||
| 500 | |a Text establert per Francesc Massip que regula l’ortografia i la puntuació, i que resolt les aglutinacions i el·lisions vocàliques, respectant, però, les particulatritats fonètiques, a partir del manuscrit 2050 de la Biblioteca de Catalunya, Barcelona (Col·lecció teatral Artur Sedó): Las obras del egregio cavallero y exçelente poeta Don Joan Fernández d’Eredia, señor de la baronia de Andilla, con suma diligencia copiladas, corregidas y puestas en horden (1555). | ||
| 500 | |a Estrena moderna 1967-11-13 Saló del Tinell (Barcelona), direcció musical: Enric Gispert (Ars Musicae), coreografia i moviment escènic: David Gil, direcció general: Josep Romeu i Figueras. | ||
| 504 | |a Bibliografia pàgines: 13-14. | ||
| 506 | 0 | |f Unrestricted online access |2 star | |
| 520 | |a "Comèdia d’entreteniment aristocràtic que posa en escena les picabaralles de capçal d’un matrimoni poc avingut associats al mateix autor Joan Ferrandis i la seva esposa Jerònima Beneito; els preparatius d’una visita de dames on l’amfitriona Jerònima prova d’empolainar-se mentre renya el servei (ama i criada castellanes i llenguerudes) i la visita pròpiament dita on dames i cavallers conversen, juguen, canten i dansen, culminada amb un desafiament i torneig cavalleresc." -- RedIT. | ||
| 533 | |a Recurs electrònic disponible a Reservori digital de l'Institut del Teatre (RedIT). | ||
| 700 | |a Massip, Francesc |e editor literari |9 20598 | ||
| 710 | 2 | |a Institut del Teatre (Barcelona, Catalunya), |e entitat editora |9 52662 | |
| 856 | 4 | 0 | |z Accés lliure (RedIT) |u http://hdl.handle.net/20.500.11904/1010 |
| 856 | 4 | 0 | |u https://llibreria.diba.cat/cat/llibre/la-vesita-de-joan-ferrandis-d-heredia-c-1525_64719 |y Accés lliure (Llibreria de la Diputació de Barcelona) |
| 908 | |a CDMAE | ||
| 940 | |a CDMAE | ||
| 942 | |2 udc |c ARXIU |n 1 | ||
| 952 | |0 0 |1 0 |4 0 |6 BIB1219 |7 1 |9 97431 |a Arxiu |b Arxiu |d 2024-09-30 |l 0 |o Bib-1219 |p 28599 |r 2024-09-30 00:00:00 |w 2024-09-30 |y ARXIU | ||
| 999 | |c 129306 |d 129306 | ||